000 00685nam a2200241Ia 4500
003 OSt
005 20220925230936.0
006 a|||||r|||| 00| 0
007 ta
008 220923b |||||||| |||| 00| 0 eng d
020 _a9789350281383
037 _cGeneral Book
040 _aRTL
_cRTL
_beng
041 _2eng
_aeng
082 _aV2:2:(Z), Q1
100 _aTRIPATHI P.K.
_9294619
245 0 _aComparative constitutional law
260 _aLucknow
_bEastern Book Company
_c2011
300 _axLiii, 821p.
_ccm.
700 _a MAHENDRA P. Singh
_9294620
942 _hV2:2:(Z), Q1
_cGB
_2CC
999 _c586915
_d586915